[Event "Texas Team Championship"]
[Site "San Antonio, Texas"]
[Date "3-14-04"]
[Round "4"]
[White "Irwin, Phillip"]
[Black "Smith, Raymond H."]
[Result "1-0"]
[TimeCtl "30/90"]
[WhiteElo "1729"]
[BlackElo "1727"]

1.Nf3 Nf6 2.c4 c5 3.g3 Nc6 4.b3 g6 5.Bb2 Bg7 6.Bg2 0-0 7.0-0 d6 8.d3 e5 9.Nbd2 Re8 10.a3 Nd4 11.b4 Nxf3+ 12.Nxf3 Qb6 13.b5 e4 14.dxe4 Nxe4 15.Bxg7 Kxg7 16.Qc2 Bf5 17.Nh4 a6 18.Nxf5+ gxf5 19.f3 Nf6 20.bxa6 Rxa6 21.Qxf5 Re5 22.Qd3 d5 23.Rfb1 Qe6 24.cxd5 Nxd5 25.f4 Rh5 26.Rxb7 Qf6 27.Rd1 Nc3 28.Rd2 Rxa3 29.Qf3 Ra1+ 30.Bf1 Rh3 31.Qg4+ Qg6 32.Qxh3 Nd1 33.Rdd7 Ne3 34.Rxf7+ Qxf7 35.Rxf7+ Kxf7 36.Qxh7+ Ke6 and 1-0